| 000 | 00667nam a2200217Ia 4500 | ||
|---|---|---|---|
| 001 | 3215 | ||
| 003 | GE_BSU | ||
| 008 | 181216s||||||||xx |||||||||||||| ||und|| | ||
| 040 | _cGE_BSU | ||
| 080 | _a530(075.8)+534+539 | ||
| 100 | _aСавельев,И.В | ||
| 245 | _aКурс общей физики. Механика, колебания и волны, молекулярная физика. Том I. | ||
| 245 | _cРед. Е.Б.Кузнецова. | ||
| 250 | _aИзд. третье. | ||
| 260 | _aМ. | ||
| 260 | _bНаука. | ||
| 260 | _c1968. | ||
| 300 | _a404 стр. 21 см. с илл. | ||
| 653 | _aКурс общей физики. | ||
| 942 | _cBK | ||
| 999 |
_c37256 _d37256 |
||